000 00272nam a22001217a 4500
008 170130b xxu||||| |||| 00| 0 eng d
041 _aeng
080 _a61
100 _a3
101 _aSHMI
245 _aDETECTION & EVALUATION & TREATMENT
_cGRUNDY, S.M
942 _2udc
_cBK
999 _c3976
_d3976